000 00683nam a2200181Ia 4500
008 090630s9999 xx 000 0 und d
082 _b736
100 _aशेणोलीकर ह. श्री.
245 _aज्ञानेशांची अमृतवाणी.
_cशेणोलीकर ह. श्री.
260 _b---
300 _a230
600 _aशेणोलीकर ह. श्री.
630 _aज्ञानेशांची अमृतवाणी.
655 _aधार्मिक.
700 _aशेणोलीकर ह. श्री.
730 _aज्ञानेशांची अमृतवाणी.
942 _cBOOK
999 _c252592
_d252592